000 01915nam0a2200337 4500
001 RU\NLR\bibl\1685388
005 20260405081635.0
010 _a978-5-98187-539-7
_9500
021 _aRU
_b2010-69708
_94599
035 _a(NLR Aleph) 001676563
090 _a1074680
_c1074680
100 _a20101012d2010 |||y0rusy50 ca
101 0 _arus
102 _aRU
105 _aa |||||||||
200 1 _aПрикладная теория вибронагруженности колесных трелевочных машин
_fВ.И. Варава, Э.М. Гусейнов, Р.Э. Гусейнов
_gпод ред. д.т.н., проф. В.И. Варавы, д.т.н., проф. Э.М. Гусейнова
_gМ-во образования и науки РФ, С.-Петерб. гос. лесотехн. акад. им. С.М. Кирова
210 _aСанкт-Петербург
_cНестор-История
_d2010
215 _a157 с.
_cил.
_d21
225 1 _aСерия "Классическое образование"
300 _aНа обороте тит. л. авт.: Варава В.И., Гусейнов Э.М., доктора техн. наук, профессора, Р.Э. Гусейнов, к.т.н.
320 _aБиблиогр.: с. 147-148 (17 назв.)
606 1 _aТрелевочные машины колесные
_xВибронагруженность
_xРасчет
_92605939
_3RU\NLR\auth\661542497
686 _aП390.2
700 1 _4070
_8rus
_7ca
_aВарава
_bВ. И.
_cд-р техн. наук.
_gВладимир Иванович
_3RU\NLR\auth\7725210
_98259
701 1 _4070
_8rus
_7ca
_aГусейнов
_bЭ. М. оглы
_gЭлдар Муса оглы
_3RU\NLR\auth\7728507
_911538
701 1 _aГусейнов
_bР. Э.
_gРенат Элдарович
_4070
801 0 _aRU
_bNLR
_c20101012
_gRCR
801 1 _aRU
_bNLR
_c20101012
942 _cBOOK
980 _aNB